Study on music education in colleges and universities of Meghalaya (Record no. 161774)
[ view plain ]
| 000 -LEADER | |
|---|---|
| fixed length control field | 00439nam a22001337a 4500 |
| 082 ## - DEWEY DECIMAL CLASSIFICATION NUMBER | |
| Classification number | 780.71154164 |
| 100 ## - MAIN ENTRY--PERSONAL NAME | |
| Personal name | Sawian, Eligius |
| 245 ## - TITLE STATEMENT | |
| Title | Study on music education in colleges and universities of Meghalaya |
| 260 ## - PUBLICATION, DISTRIBUTION, ETC. (IMPRINT) | |
| Place of publication, distribution, etc | Shillong |
| Name of publisher, distributor, etc | Department of Education, NEHU |
| Date of publication, distribution, etc | 2010 |
| 300 ## - PHYSICAL DESCRIPTION | |
| Extent | ix,210p.:ill.,table.;28cm. |
| 502 ## - DISSERTATION NOTE | |
| Degree type | M.Ed |
| 650 ## - SUBJECT ADDED ENTRY--TOPICAL TERM | |
| Topical term or geographic name as entry element | Music-Instruction and study-India,Meghalaya-Research |
| 700 ## - ADDED ENTRY--PERSONAL NAME | |
| Personal name | Henia, A. Supervisor/Guide |
| Withdrawn status | Lost status | Source of classification or shelving scheme | Damaged status | Not for loan | Collection code | Home library | Current library | Shelving location | Date acquired | Total Checkouts | Full call number | Barcode | Date last seen | Koha item type |
|---|---|---|---|---|---|---|---|---|---|---|---|---|---|---|
| Dewey Decimal Classification | UNIV. PUB. & THESIS | North Eastern Hill University | North Eastern Hill University | Dissertation & Thesis | 25/05/2015 | DS 780.71154164 SAW | 104423 | 25/05/2015 | Thesis |
